000 01924nam1a2200301 i 4500
001 RU\NLR\BIBL_A\011963920
005 20240921230856.0
035 _a(NLR Aleph) 011963920
090 _a11219504
_c11219504
100 _a20190319g19809999m y0rusy50 ca
101 0 _arus
102 _aRU
105 _a||||j |||||
200 1 _aПроектирование устройств автоматики и телемеханики
_eучебное пособие
_fЯковлев Б.С., Казаринов Л.С., Казьмин О.Н. [и др.]
_gМинистерство высшего и среднего специального образования СССР, Челябинский политехнический институт имени Ленинского комсомола, Кафедра автоматики и телемеханики, Кафедра прикладной математики
210 _aЧелябинск
_cЧелябинский политехнический институт
_d1980
215 _d20
309 _aЧ. 1 вышла ненумер.
606 1 _aАвтоматические устройства
_jУчебные издания для высших учебных заведений
_xПроектирование
_92064362
_3RU\NLR\AUTH\661238839
606 1 _aТелемеханические устройства
_jУчебные издания для высших учебных заведений
_xПроектирование
_91742259
_3RU\NLR\AUTH\661075613
686 3 _aЗ965-02я73-1
686 3 _aЗ968-02я73-1
701 1 _aЯковлев
_bБ. С.
_f1933-1979
_gБорис Сергеевич
701 1 _aКазаринов
_bЛ. С.
_gЛев Сергеевич
701 1 _aКазьмин
_bО.Н.
_gОлег Николаевич
852 _aNLR
_j78-4/23311
942 _cBOOK